• 首页
  • 本馆介绍
  • 公告通知
  • 最新文献
  • 馆藏检索
  • 电子资源
  • 读者导购
  • 参考咨询
  • 我的图书馆
  • 登录
  • 详细信息显示
  • 放入我的书架
  • 预约/预借图书
  • 作者相关作品
  • 分类相关作品
  • 丛书相关作品
  • 出版社相关作品

书目信息

  • 表格格式
  • 工作单格式
  • 卡片格式
题名:
古筝入门一本通
    
 
作者: 蔡文峰 著 ;广州市好好学文化教育公司 编
分册:  
出版信息: 长春   吉林出版集团有限责任公司  2015
页数: 146页
开本: 23cm
丛书名: 校园好声音音乐普及系列丛书
单 册:
中图分类: J632.32
科图分类:
主题词: 筝--奏法
电子资源:
ISBN: 978-7-5534-3603-6
000 00977oam2 2200277 450
001 2345558515
005 20231120204815.77
010    @a978-7-5534-3603-6@dCNY48.00
100    @a20161011d2015 em y0chiy50 ea
101 0  @achi
102    @aCN@b220000
105    @aag z 000yy
200 1  @a古筝入门一本通@9gu zheng ru men yi ben tong@f蔡文峰[著]
210    @a长春@c吉林出版集团有限责任公司@d2015
215    @a146页@c图@d23cm
225 1  @a校园好声音音乐普及系列丛书
330    @a本书收集了古今中外家喻户晓的名曲,将之选择改编为简单、易学的练习曲100首,以提高学习者的兴趣,减少学习过程所带来的枯燥、乏味。
461  0 @12001 @a校园好声音音乐普及系列丛书
510 1  @aIntroduction to Chinese zither@zeng
606 0  @a筝@x奏法
610 0  @a古筝
690    @aJ632.32@v5
701  0 @a蔡文峰@9cai wen feng@4著
712 02 @a广州市好好学文化教育公司@9guang zhou shi hao hao xue wen hua jiao yu gong si@4编
801  0 @aCN@b91MARC@c20161118
905    @aBZT@dJ632.32@e4
    
    古筝入门一本通/蔡文峰[著].-长春:吉林出版集团有限责任公司,2015
    146页:图;23cm.-(校园好声音音乐普及系列丛书)
    
    
    ISBN 978-7-5534-3603-6:CNY48.00
    本书收集了古今中外家喻户晓的名曲,将之选择改编为简单、易学的练习曲100首,以提高学习者的兴趣,减少学习过程所带来的枯燥、乏味。
●
相关链接 在五车中查询图书 在当当中查询图书 在豆瓣中查询图书


正题名:古筝入门一本通     索取号:J632.32/4         预约/预借

序号 登录号 条形码 馆藏地/架位号 状态 备注
1 2000976036   2000976036   中教第一批/山东中教(第二书库)/189/ [索取号:J632.32/4] 在馆    
2 2000976037   2000976037   中教第一批/山东中教(第二书库)/189/ [索取号:J632.32/4] 在馆    
3 2000976038   2000976038   中教第一批/山东中教(第二书库)/189/ [索取号:J632.32/4] 在馆    
4 2000976039   2000976039   中教第一批/山东中教(第二书库)/189/ [索取号:J632.32/4] 在馆    
5 2000976040   2000976040   中教第一批/山东中教(第二书库)/189/ [索取号:J632.32/4] 在馆    
6 2000976041   2000976041   中教第一批/山东中教(第二书库)/189/ [索取号:J632.32/4] 在馆    
山东省滨州职业学院图书馆 欢迎您!
大连网信软件有限公司© 版权所有